| 000 | 01456nam2a22003251 4500 | ||
|---|---|---|---|
| 001 | RU\NLR\INFOCOMM6\5000048264 | ||
| 005 | 20250617025702.0 | ||
| 035 | _a(NLR Aleph) 002399316 | ||
| 090 |
_a4654586 _c4654586 |
||
| 100 | _a20050112d1973 |||y0rusy50 ca | ||
| 101 | 0 | _arus | |
| 102 | _aRU | ||
| 105 | _aa z|||000|y | ||
| 200 | 1 |
_aНекоторые вопросы повышения эффективности и помехоустойчивости радиоэлектронных систем _fред.: профессор, д-р техн. наук А.А. Ларин |
|
| 210 |
_d1973 _aБ. м. |
||
| 215 |
_a64 с. _cил. _d22 |
||
| 320 | _aБиблиогр. в конце статей | ||
| 333 | _aОгранич. пользования | ||
| 461 | 0 |
_1001RU\NLR\INFOCOMM6\5000047700 _12001#$aТруды Училища$fХарьковск. высш. командно-инженерное училище$vВып. 311 |
|
| 606 | 1 |
_aРадиотехнические системы _jСборники _xПомехоустойчивость _92043775 _3RU\NLR\AUTH\66942326 |
|
| 606 | 1 |
_aРадиотехнические системы _jСборники _xЭффективность _92043856 _3RU\NLR\AUTH\66942369 |
|
| 686 | 1 | _aз841-01я43(2) | |
| 702 | 1 |
_aЛарин _bА. А. _4340 |
|
| 801 | 1 |
_aRU _bInfoComm _c20050112 |
|
| 801 | 0 |
_aRU _bNLR _gPSBO |
|
| 852 |
_aNLR _jП10/1739 |
||
| 942 | _cISSUE | ||
| 980 | _aNB | ||
| 980 | _aRUSPER | ||